| 000 | 00640nam a2200169 a 4500 | ||
|---|---|---|---|
| 005 | 20220607063623.0 | ||
| 008 | 991125s1986 mx 000 0 spa u | ||
| 035 | _aUPN01000019325 | ||
| 049 | _aCG | ||
| 050 | 4 |
_aHD5856 _bC6.4 |
|
| 110 | 2 | _aConsejo Nacional de Población (México) | |
| 245 | 1 | 0 |
_aEncuesta en la frontera norte a trabajadores indocumentados devueltos por las autoridades de los Estados Unidos de América diciembre de 1984 (ETIDEU) : _bresultados estadísticos / _cConsejo Nacional de Población. |
| 260 |
_aMéxico : _bCONAPO, _c1986. |
||
| 300 | _a135 p. | ||
| 650 | 4 |
_aMigración interna _zMéxico _95825 |
|
| 905 | _aLibro | ||
| 999 |
_c19325 _d19325 |
||